| 000 | 01294pam a2200373 a 4500 | ||
|---|---|---|---|
| 001 | 2822794 | ||
| 003 | OSt | ||
| 005 | 20140408105533.0 | ||
| 008 | 830323s1983 nyu j 000 1 eng | ||
| 010 | _a 83006147 | ||
| 020 | _a0590434616 | ||
| 040 |
_aDLC _cDLC _dDLC |
||
| 042 | _alcac | ||
| 050 | 0 | 0 |
_aPZ 7 _b.W947 1983 |
| 082 | 0 | 0 |
_aKF _bW93d 1983 |
| 100 | 1 |
_aWright, Betty Ren. _95620 |
|
| 245 | 1 | 4 |
_aThe dollhouse murders / _cBetty Ren Wright. |
| 250 | _a1st ed. | ||
| 260 |
_aNew York : _bHoliday House, _cc1983. |
||
| 300 |
_avii, 149 p. ; _c22 cm. |
||
| 520 | _aA dollhouse filled with a ghostly light in the middle of the night and dolls that have moved from where she last left them lead Amy and her retarded sister to unravel the mystery surrounding grisly murders that took place years ago. | ||
| 521 | _aG4 | ||
| 526 | _c670 | ||
| 562 | _eFor circulation. 1 copy available in the collection | ||
| 650 | 1 |
_aDollhouses _xFiction. _95658 |
|
| 650 | 1 |
_aDolls _xFiction. _95659 |
|
| 650 | 1 |
_aMystery and detective stories. _93790 |
|
| 650 | 1 |
_aPeople with mental disabilities _vFiction. _95660 |
|
| 650 | 1 |
_aSisters _xFiction. _95661 |
|
| 700 |
_aWright, Betty Ren. _95620 |
||
| 906 |
_a7 _bcbc _corignew _d1 _eocip _f19 _gy-gencatlg |
||
| 942 |
_2lcc _cBK |
||
| 999 |
_c34958 _d34958 |
||